书目信息 |
| 题名: |
VR技术及其应用
|
|
| 作者: | 吴晓军 , 张玉梅 主编 | |
| 分册: | ||
| 出版信息: | 北京 科学出版社 2021.05 |
|
| 页数: | 245页 | |
| 开本: | 24cm | |
| 丛书名: | ||
| 单 册: | ||
| 中图分类: | TP391.98 | |
| 科图分类: | ||
| 主题词: | 虚拟现实--xu ni xian shi | |
| 电子资源: | ||
| ISBN: | 978-7-03-067166-0 | |
| 000 | 01069nam0 2200253 450 | |
| 001 | CAL 0120217197697 | |
| 005 | 20210625091750.3 | |
| 010 | @a978-7-03-067166-0@dCNY128.00 | |
| 100 | @a20210622d2021 em y0chiy0120 ea | |
| 101 | 0 | @achi |
| 102 | @aCN@b110000 | |
| 105 | @aa a 000yy | |
| 106 | @ar | |
| 200 | 1 | @aVR技术及其应用@AVR ji shu ji qi ying yong@f主编吴晓军, 张玉梅 |
| 210 | @a北京@c科学出版社@d2021.05 | |
| 215 | @a245页@c图@d24cm | |
| 320 | @a有书目 | |
| 330 | @a本书以虚拟现实开发过程以及其中的主要技术为内容, 系统介绍了虚拟现实相关的AR、VR、MR的概念, AR、VR、MR应用开发过程中所涉及的主要软件和工具, 包括软件编程工具、美术内容的制作工具、Unity引擎、VR开发框架和SDK等的主要功能和用法, 当前VR应用中主流的头显等硬件设备等的特点与应用。最后以虚拟现实技术在文化传承创新方面的经典应用开发为案例, 呈现了VR项目应用开发的全过程。 | |
| 606 | 0 | @a虚拟现实@Axu ni xian shi |
| 690 | @aTP391.98@v5 | |
| 701 | 0 | @a吴晓军@Awu xiao jun@4主编 |
| 701 | 0 | @a张玉梅@Azhang yu mei@4主编 |
| 801 | 0 | @aCN@b人天书店@c20210622 |
| 905 | @aTSG@b0000684@dTP391.98@eW892@f1 | |
| VR技术及其应用/主编吴晓军, 张玉梅.-北京:科学出版社,2021.05 |
| 245页:图;24cm |
| ISBN 978-7-03-067166-0:CNY128.00 |
| 本书以虚拟现实开发过程以及其中的主要技术为内容, 系统介绍了虚拟现实相关的AR、VR、MR的概念, AR、VR、MR应用开发过程中所涉及的主要软件和工具, 包括软件编程工具、美术内容的制作工具、Unity引擎、VR开发框架和SDK等的主要功能和用法, 当前VR应用中主流的头显等硬件设备等的特点与应用。最后以虚拟现实技术在文化传承创新方面的经典应用开发为案例, 呈现了VR项目应用开发的全过程。 |
| ● |
| 相关链接 |
|
|
|
正题名:VR技术及其应用
索取号:TP391.98/W892
 
预约/预借
| 序号 | 登录号 | 条形码 | 馆藏地/架位号 | 状态 | 备注 |
| 1 | 1533967 | 215339676 | 自科库301/301自科库 114排1列2层/ [索取号:TP391.98/W892] | 在馆 |